000
00379nam a22001337a 4500
003
SGT
020
_a
978816729982
082
_a
891.4309
_b
R17S
100
_a
सिंह, पुष्पपाल
245
_a
राजकमल बहत हिंदी शब्दकोष
260
_b
राजकमल प्रकाशन
_c
2017
300
_a
964
942
_2
ddc
_c
BK
999
_c
31421
_d
31421